| 000 | 00896cam a2200265 4500 | ||
|---|---|---|---|
| 001 | M88251 | ||
| 008 | 090401t1997 xxu||||| |||| 00| 0 eng d | ||
| 035 | _a(Sirsi) u82637 | ||
| 041 | _aeng | ||
| 050 | _a333.332 | ||
| 110 |
_aRoyal Institution of Chartered Surveyors _94900 |
||
| 245 | 4 | _aThe RICS/ISVA Homebuyer Survey & Valuation. | |
| 260 |
_aLondon _bRICS _c1997 |
||
| 300 |
_a14 leaves _c30cm. |
||
| 350 | _a14.10 | ||
| 490 | _aRICS Guidance Note | ||
| 520 | _aSample pack. Consists of Report / Leasehold Properties Appendix / Standard Terms of Engagement / Choosing Between Surveys. Published November 1997. | ||
| 650 | _aCONDITIONS OF ENGAGEMENT | ||
| 650 | _aRICS HOMEBUYER SURVEY AND VALUATION | ||
| 650 | _aLEASEHOLD PROPERTIES | ||
| 690 | _aRATING AND VALUATION | ||
| 710 |
_aIncorporated Society of Valuers and Auctioneers _91201 |
||
| 942 | _n0 | ||
| 948 | _c11/12/1997 | ||
| 999 |
_c96804 _d96804 |
||